Women and drug abuse treatment : needs and services /

Bibliographic Details
Main Author: Beschner, George M.
Corporate Author: National Institute on Drug Abuse. Services Research Branch
Other Authors: Thompson, Peggy
Format: Government Document Book
Language:English
Published: Rockville, Md. (5600 Fishers Lane, Rockville, Md. 20857) : National Institute on Drug Abuse, Division of Resources Development, Services Research Branch, U.S. Dept. of Health and Human Services, Public Health Service, Alcohol, Drug Abuse, and Mental Health Administration ; 1981.
Series:DHHS publication ; no. (ADM) 81-1057.
Services Research monograph series.
Subjects:

MARC

Tag First Indicator Second Indicator Subfields
LEADER 00000cam a2200000 a 4500
001 in00000824607
005 20151018115842.0
008 810311s1981 mdu b f00010 eng d
010 |a gp 81004685  
020 |c $2.00 
035 |a (OCoLC)07240839 
035 |9 ADV9626AM 
040 |a GPO  |c GPO  |d MvI-ocm  |d MvI-ocm  |d UtOrBLW 
043 |a n-us--- 
074 |a 831-C-11 
086 0 |a HE 20.8216/2-2:W 84/4 
100 1 |a Beschner, George M. 
245 1 0 |a Women and drug abuse treatment :  |b needs and services /  |c by George Beschner and Peggy Thompson. 
264 1 |a Rockville, Md. (5600 Fishers Lane, Rockville, Md. 20857) :  |b National Institute on Drug Abuse, Division of Resources Development, Services Research Branch, U.S. Dept. of Health and Human Services, Public Health Service, Alcohol, Drug Abuse, and Mental Health Administration ;  |c 1981. 
264 2 |a Washington, D.C. :  |b For sale by the Supt. of Docs., U.S. G.P.O., 
300 |a iii, 25 pages ;  |c 23 cm. 
336 |a text  |b txt  |2 rdacontent 
337 |a unmediated  |b n  |2 rdamedia 
338 |a volume  |b nc  |2 rdacarrier 
490 1 |a DHHS publication ;  |v no. (ADM) 81-1057 
490 1 |a Services Research monograph series 
504 |a Bibliography: pages 21-25. 
650 0 |a Drug abuse  |x Treatment  |z United States. 
650 0 |a Women  |z United States  |x Drug use. 
700 1 |a Thompson, Peggy. 
710 2 |a National Institute on Drug Abuse.  |b Services Research Branch. 
830 0 |a DHHS publication ;  |v no. (ADM) 81-1057. 
830 0 |a Services Research monograph series. 
999 |a MARS 
999 f f |s a2c8569f-5bd2-3440-bf3b-35d55bfb3c15  |i bb736c0f-ad94-3654-b4c9-657c0e478a09  |t 0 
952 f f |p normal  |a Texas A&M University  |b College Station  |c Sterling C. Evans Library  |d Evans: US Documents (Annex 5th floor)  |t 0  |e HE 20.8216/2-2:W 84/4  |h Superintendent of Documents classification  |i unmediated -- volume  |m A14814876965 
998 f f |a HE 20.8216/2-2:W 84/4  |t 0  |l Evans: US Documents (Annex 5th floor)